Music Quiz

Random Music or Song Quiz

Artists Who Did A Bond Theme Quiz Stats

 Plays Quiz not verified by Sporcle

Support Sporcle.
Go Orange.
Score 0/22 Timer 05:00
0 Plays Today
Song Artists % Correct
Live And Let DiePaul McCartney and Wings
86.5%
A View To A KillDuran Duran
81.1%
Die Another DayMadonna
75.7%
GoldfingerShirley Bassey
74.3%
Diamonds Are ForeverShirley Bassey
74.3%
MoonrakerShirley Bassey
74.3%
Nobody Does It BetterCarly Simon
68.9%
GoldeneyeTina Turner
67.6%
ThunderballTom Jones
60.8%
For Your Eyes OnlySheena Easton
59.5%
The World Is Not EnoughGarbage
59.5%
Song Artists % Correct
The Living Daylightsa-Ha
56.8%
You Know My NameChris Cornell
56.8%
Tomorrow Never DiesSheryl Crow
48.6%
We Have All The Time In The WorldLouis Armstrong
47.3%
Another Way To DieJack White and Alicia Keys
44.6%
The Man With The Golden GunLulu
39.2%
Kingston CalypsoJohn Barry
36.5%
On Her Majesty's Secret ServiceJohn Barry
36.5%
All Time HighRita Coolidge
35.1%
License To KillGladys Knight
35.1%
From Russia With LoveMatt Munro
20.3%

You're not logged in!

Compare scores with friends on all Sporcle quizzes.
OR
Log In

From the Vault

Ryder Cup Team Members (2014)

by william2

We think they should let some other continents in on the Ryder Cup. I bet they have great golf courses in Antarctica.
Remove Ads.
Support Sporcle.
Get the best of Sporcle when you Go Orange. This ad-free experience offers more features, more stats, and more fun while also helping to support Sporcle. Thank you for becoming a member.

Show Comments

Extras

Created Mar 7, 2011ReportNominate
Tags:Artist Quiz, Song Quiz, bond, theme

Top Quizzes Today


Score Distribution

Your Account Isn't Verified!

In order to create a playlist on Sporcle, you need to verify the email address you used during registration. Go to your Sporcle Settings to finish the process.

Report this User

Report this user for behavior that violates our Community Guidelines.

Details: